Sinh tử = Life and death

保存先:
書誌詳細
第一著者: Meyer, Stephenie
フォーマット: 図書
言語:Undetermined
出版事項: Thành phố Hồ Chí Minh Trẻ 2018
主題:
タグ: タグ追加
タグなし, このレコードへの初めてのタグを付けませんか!
Thư viện lưu trữ: Trung tâm Học liệu Trường Đại học Cần Thơ
LEADER 00561nam a2200205Ia 4500
001 CTU_225837
008 210402s9999 xx 000 0 und d
020 |c 180000 
082 |a 813.6 
082 |b M612 
100 |a Meyer, Stephenie 
245 0 |a Sinh tử = 
245 0 |b Life and death 
245 0 |c Stephenie Meyer ; Tịnh Thủy (dịch) 
260 |a Thành phố Hồ Chí Minh 
260 |b Trẻ 
260 |c 2018 
650 |a Vampires,Ma cà rồng 
910 |b vtbtruc 
980 |a Trung tâm Học liệu Trường Đại học Cần Thơ